Datum a čas kvízu
29.5
Celkem bodů
Celkový počet nahraných bodů na tomto kvízu bez doplňovacích otázek.
3.
Pořadí na kvízu
Konečné umístění týmu na tomto kvízu.
Zaznamenané odpovědi
| # | Otázka | Odpověď | Body | Výsledky |
|---|---|---|---|---|
| 1. | Zástupci organizace Liga Libe... | v roušce | 0 | |
| 2. | V pátek byl v italských Benátk... | Mojžíš | 1 | |
| 3. | Turecký prezident Recep Erdoğa... | chrám Boží Moudrosti (Hagia Sofia) | 1 | |
| 4. | Automobilka Tesla nedávno popr... | šortky | 1 | |
| 5. | Nejslavnější bývalý atlet na s... | Olympia Lightning | 1 | |
| 6. | Různé návykové látky jsou užív... | pelyněk (pravý) | 0 | |
| 7. | Tabákové listy obsahují návyko... | viržinský | 1 | |
| 8. | Konopí se odpradávna používá j... | kanabinoidy | 0 | |
| 9. | Opium se získává z nezralých m... | latex | 0 | |
| 10. | Kokain je získáván z listů tro... | D | 0 |